000 00560nam a22002177a 4500
003 UA-OsUOA
001 40754
007 ta
008 20060830b un ||||| |||| 00| 0 ukr d
100 _aКисельов М.
090 _a32
_bК44
942 _cSA
040 _aUA-OsUOA
_bukr
_cUA-OsUOA
_dUA-OsUOA
245 _aУкраїна на геополітичному роздоріжжі
300 _aС.87-104
955 _a0
041 _aukr
080 _a32
773 0 _w40752
_tСучасність
_dК.
_d2006
_g4
650 7 _a32 Політика
_2UDC
999 _c326892
_d326892